00249nam a2200097Ia 4500008004100000082001600041100001600057245003200073260003700105300000900142150731s2014 xx 000 0 und d a612bK 14 P aPYADGI,P.S. 2aA TEXTBOOK OF KAYACHIKITSA. bCHAUKHAMBHA PUB. NEW DELHIc2014 a1038